000 00653nam a2200229 i 4500
001 C2-0316383
003 PPAK
005 20180728112405.0
008 120725s1985 my |||| ||||| | may d
040 _aPPAK
_beng
_cPPAK
_erda
082 0 4 _a899.23301
_223
090 0 0 _a899.23301
_bSUA
_dKIH
245 0 0 _aSuatu pencarian
_bsebuah antologi cerpen
264 1 _aKuala Lumpur :
_bDewan Bahasa dan Pustaka ,
_c1985
300 _axii, 120 pages ;
_c19 cm
336 _2rdacontent
_atext
337 _2rdamedia
_aunmediated
338 _2rdacarrier
_avolume
650 1 0 _aShort stories, Malay
700 0 _aHamzah Hamdani,
_ecompile
942 _ddc
_cB
999 _c117519
_d117519